Statistics for Countries With Chess Players In The Top 20

Click here to take the quiz!

General Stats

  • This quiz has been taken 133 times
  • The average score is 16 of 25

Answer Stats

CategoryCountryAmount% Correct
OverallUnited States4
98%
OverallRussia3
95%
OverallChina2
94%
OverallIndia2
94%
OverallFrance1
92%
OverallNorway1
82%
GirlsSpain1
82%
WomenUkraine2
82%
WomenGermany1
81%
OverallPoland1
73%
OverallNetherlands1
70%
OverallArmenia1
67%
OverallHungary1
67%
OverallAzerbaijan2
66%
WomenIran1
57%
JuniorsRomania1
52%
OverallBulgaria1
51%
JuniorsAustralia1
48%
GirlsBelarus1
48%
WomenGeorgia2
47%
WomenKazakhstan2
39%
JuniorsUzbekistan2
39%
GirlsGreece1
38%
GirlsCuba1
25%
GirlsMongolia1
11%

Score Distribution

Percentile by Number Answered

Percent of People with Each Score

Your Score History

You have not taken this quiz